000 00426nam a22001817a 4500
003 MPLRDC
005 20220104113845.0
008 210129b ||||| |||| 00| 0 eng d
082 _a848.1 LSQ-11
100 _a梁实秋译
245 _a潘彼得
_c
250 _a四版
260 _a台湾
_b九歌出版社
_c1989
300 _b
490 _a九歌文库;224
650 _a现代别集
942 _cBK
_o848.1 LSQ-11
999 _c2896
_d2886